000 00461pab a2200169 454500
008 180718b2006 xxu||||| |||| 00| 0 eng d
100 _aCheng, Patrick Low Kim
245 _aManaging knowledge: the Singapore way
260 _c2006
300 _ap.38-46.
362 _aMar
650 _aKnowledge management - Singapore
650 _aKnowledge management
700 _aSingh, Netra Pal
773 _aICSSR Journal of Knowledge Management
909 _a69278
999 _c69278
_d69278